Úvod do inžinierskeho štúdia /

Korporativní autor: Žilinská univerzita. Strojnícka fakulta
Další autoři: Stančeková, Dana
Jazyk: Slovenština
Vydáno: V Žiline : EDIS, 2002
Vydání: 1.vyd.
Témata:
Fyzický popis: 166 s. : il. ; 30 cm
Knihy
Uloženo v:
LEADER 01234nam a2200337 a 4500
001 000666459
003 CZ BrMZK
005 20091102173116.0
007 ta
008 030415s2002 xo a f p 000 0 slo d
020 |a 80-8070-012-5  |q (brož.) 
040 |a BOA001  |b cze 
072 7 |a 621  |x Strojírenství  |2 Konspekt  |9 19 
072 7 |a 37.016  |x Učební osnovy. Vyučovací předměty. Učebnice  |2 Konspekt  |9 22 
080 |a 621.7/.9  |2 MRF 
080 |a (075.8)  |2 MRF 
245 0 0 |a Úvod do inžinierskeho štúdia /  |c Dana Stančeková 
250 |a 1.vyd. 
260 |a V Žiline :  |b EDIS,  |c 2002 
300 |a 166 s. :  |b il. ;  |c 30 cm 
500 |a 600 výt. 
500 |a Nad názvem: Žilinská univerzita, Strojnícka fakulta 
504 |a Obsahuje bibliografii 
541 |a Bratislava, Centrum vedecko-technických informácií SR 
650 0 7 |a strojírenské technologie  |7 ph184908  |2 czenas 
655 7 |a učebnice vysokých škol  |7 fd133772  |2 czenas 
700 1 |a Stančeková, Dana  |7 mzk2003175378  |4 aut 
710 2 |a Žilinská univerzita.  |b Strojnícka fakulta  |7 mzk2002157174 
910 |a BOA001  |b 3-1116.781 
990 |a BK 
996 7 |b 2610186435  |c 3-1116.781  |l MZK  |r Sklad / do 1 hodiny  |n 4  |p vým  |w 000666459  |u 000010  |a 1  |e BOA001  |j MZK50  |s A